000
00300 a2200121 4500
001
147019
040
_c
Escola São Tomás de Aquino
100
_a
MACHADO, Ana Maria
240
1
0
_a
Um pra lá, outro pra cá
_l
por
245
1
0
_a
Um pra lá, outro pra cá
697
_a
*LITERATURA INFANTO
942
_c
BK
999
_c
147019
_d
147019